[Event "Bangabandhu-chT"]
[Site "Dhaka"]
[Date "2024.02.06"]
[Round "6.4"]
[White "Diya, Chowdhury"]
[Black "Manon, Reja Neer"]
[Result "0-1"]
[WhiteElo "1881"]
[BlackElo "2148"]
[PlyCount "80"]
[EventDate "2024.02.01"]
[EventType "team-tourn"]
[EventRounds "11"]
[EventCountry "BAN"]
[SourceTitle "CB07_2024"]
[SourceDate "2024.02.14"]
[SourceVersion "1"]
[SourceVersionDate "2024.02.14"]
[SourceQuality "1"]
[WhiteTeam "Rupali Bank Krira Parshid"]
[BlackTeam "Bangladesh Navy"]
[WhiteTeamCountry "BAN"]
[BlackTeamCountry "BAN"]

1. e4 e5 2. Nf3 Nc6 3. Bb5 f5 4. d3 fxe4 5. dxe4 Nf6 6. 0-0 d6 7. Nc3 Be7 8. Qd3 Bg4 9. Qc4 Qd7 10. Ng5 Bh5 11. Nd5 a6 12. Bxc6 bxc6 13. Nxe7 Kxe7 14. f4 h6 15. Nf3 Bxf3 16. Rxf3 d5 17. Qc3 dxe4 18. Qxe5+ Kf7 19. Rf1 Rhe8 20. Qc5 Rab8 21. c4 Qd6 22. Qa7 c5 23. Be3 Rxb2 24. Bxc5 Qc6 25. Be3 Rd8 26. Rfb1 Re2 27. Re1 Rc2 28. Rec1 Qxc4 29. Rxc2 Qxc2 30. Rc1 Ng4 31. Re1 Rd1 32. Bf2 Qc1 33. Kf1 Nxh2+ 34. Kg1 Ng4 35. Kf1 e3 36. Bg3 Qc4+ 37. Kg1 Rd2 38. Rxe3 Nxe3 39. Qxe3 Qc1+ 40. Be1 Rxg2+ 0-1

[Event "Western Asia-ch U20"]
[Site "Colombo"]
[Date "2023.12.02"]
[Round "5"]
[White "Dissanayake, RKT"]
[Black "Manon, Reja Neer"]
[Result "0-1"]
[WhiteElo "1865"]
[BlackElo "2207"]
[PlyCount "64"]
[EventDate "2023.11.30"]
[EventType "swiss"]
[EventRounds "9"]
[EventCountry "SRI"]
[SourceTitle "CB50_2023"]
[SourceDate "2023.12.13"]
[SourceVersion "1"]
[SourceVersionDate "2023.12.13"]
[SourceQuality "1"]

1. e4 e5 2. Nf3 Nc6 3. Bb5 f5 4. d3 fxe4 5. dxe4 Nf6 6. Bg5 d6 7. Nc3 Be7 8. h3 Be6 9. Qd3 a6 10. Ba4 Nd7 11. Be3 Na5 12. Nd5 b5 13. Bb3 Nxb3 14. axb3 0-0 15. h4 c6 16. Nxe7+ Qxe7 17. Ng5 Nf6 18. Rd1 Rad8 19. Rd2 Bc8 20. b4 h6 21. Qb3+ Kh8 22. f3 Nh5 23. g4 Nf4 24. Bxf4 Rxf4 25. Ke2 d5 26. Nh3 Qxh4 27. exd5 Rxf3 28. Kxf3 Qxg4+ 29. Ke3 Qg3+ 30. Ke2 Bg4+ 31. Kf1 Bxh3+ 32. Rxh3 Rf8+ 0-1

[Event "Asia-ch Blitz U20"]
[Site "Jamshedpur"]
[Date "2023.09.15"]
[Round "3"]
[White "Rohith, S2222"]
[Black "Manon, Reja Neer"]
[Result "1-0"]
[WhiteElo "1481"]
[BlackElo "1987"]
[PlyCount "55"]
[EventDate "2023.09.15"]
[EventType "swiss (blitz)"]
[EventRounds "9"]
[EventCountry "IND"]
[SourceTitle "EXT 2024"]
[Source "ChessBase"]
[SourceDate "2023.10.10"]
[SourceVersion "1"]
[SourceVersionDate "2023.10.10"]
[SourceQuality "1"]

1. e4 c6 2. d3 d5 3. Nd2 g6 4. Ngf3 Bg7 5. Be2 Nf6 6. e5 Nfd7 7. d4 e6 8. 0-0 0-0 9. Re1 c5 10. c3 Nc6 11. Nf1 f6 12. exf6 Qxf6 13. Bg5 Qf7 14. Be3 h6 15. Qd2 g5 16. Rad1 cxd4 17. cxd4 Bf6 18. h3 Re8 19. Ng3 Qe7 20. Nh2 Bh8 21. Ng4 Qf8 22. h4 e5 23. hxg5 exd4 24. Nxh6+ Qxh6 25. gxh6 dxe3 26. Qxd5+ Kf8 27. Bh5 Re5 28. Qf7# 1-0

[Event "Asia-ch U20"]
[Site "Jamshedpur"]
[Date "2023.09.10"]
[Round "3"]
[White "Gaikwad, Manas"]
[Black "Manon, Reja Neer"]
[Result "0-1"]
[WhiteElo "1866"]
[BlackElo "2295"]
[PlyCount "174"]
[EventDate "2023.09.09"]
[EventType "swiss"]
[EventRounds "9"]
[EventCountry "IND"]
[SourceTitle "EXT 2024"]
[Source "ChessBase"]
[SourceDate "2023.10.10"]
[SourceVersion "1"]
[SourceVersionDate "2023.10.10"]
[SourceQuality "1"]

1. e4 c6 2. d4 d5 3. Nc3 dxe4 4. Nxe4 Nf6 5. Nxf6+ exf6 6. c3 Bd6 7. Bd3 0-0 8. Qc2 Re8+ 9. Ne2 h5 10. Be3 Nd7 11. 0-0-0 Nf8 12. c4 Be6 13. a3 Rc8 14. Kb1 Ng6 15. h3 b5 16. c5 Bb8 17. Rhg1 Qd7 18. Nc3 Ne7 19. Qe2 g6 20. g4 h4 21. Ne4 Nd5 22. Qc2 Kg7 23. Bc1 a5 24. Rdf1 Nf4 25. g5 f5 26. Nf6 Qxd4 27. Bxf4 Bxf4 28. Nxe8+ Rxe8 29. Qc3 Qxc3 30. bxc3 Rd8 31. Bc2 Rd2 32. f3 a4 33. Rd1 Rf2 34. Rdf1 Rxf1+ 35. Rxf1 Bxg5 36. Bd3 Be7 37. Rc1 Bxc5 38. Kb2 Kf6 39. c4 b4 40. axb4 Bxb4 41. f4 Ke7 42. Ra1 Bd2 43. Rf1 Kd6 44. Bxf5 Bxf5 45. Rd1 Bxh3 46. Rxd2+ Kc5 47. Rh2 Be6 48. Rxh4 Kb4 49. Rh8 a3+ 50. Ka1 Bxc4 51. Rb8+ Kc5 52. Ra8 a2 53. Re8 Be6 54. Rd8 Bd5 55. Re8 Kd4 56. Re1 Kc3 57. Re3+ Kd2 58. Re5 Kc3 59. Re3+ Kd4 60. Re1 Be6 61. Kb2 Kc5 62. Rd1 Bd5 63. Re1 Kd6 64. Ka1 Be6 65. Kb2 Ke7 66. Ka1 Kf6 67. Re5 Kg7 68. Re1 Bd5 69. Rg1 Kh6 70. Rg3 Kh5 71. Rg5+ Kh4 72. Rg1 Be4 73. Kxa2 f6 74. Re1 Bd5+ 75. Kb2 g5 76. fxg5 fxg5 77. Kc3 g4 78. Kd3 g3 79. Ke2 Kh3 80. Kf1 Kh2 81. Rc1 c5 82. Rd1 g2+ 83. Kf2 c4 84. Rc1 Be4 85. Re1 c3 86. Rg1 c2 87. Rc1 Bd3 0-1

[Event "World ol U16"]
[Site "Eindhoven"]
[Date "2023.08.16"]
[Round "6.6"]
[White "Magold, Filip"]
[Black "Manon, Reja Neer"]
[Result "1-0"]
[WhiteElo "2359"]
[BlackElo "2227"]
[PlyCount "65"]
[EventDate "2023.08.13"]
[EventType "team-swiss"]
[EventRounds "9"]
[EventCountry "NED"]
[SourceTitle "CBM 215 Extra"]
[Source "ChessBase"]
[SourceDate "2023.09.30"]
[SourceVersion "1"]
[SourceVersionDate "2023.09.30"]
[SourceQuality "1"]
[WhiteTeam "Romania"]
[BlackTeam "Bangladesh"]
[WhiteTeamCountry "ROU"]
[BlackTeamCountry "BAN"]

1. e4 c6 2. d4 d5 3. e5 Bf5 4. Nf3 e6 5. Be2 Nd7 6. 0-0 Ne7 7. b3 c5 8. c4 dxc4 9. Nc3 Bg4 10. bxc4 Nf5 11. d5 Bxf3 12. Bxf3 Nxe5 13. Be4 Be7 14. Bxf5 exf5 15. Re1 f6 16. d6 Bxd6 17. f4 0-0 18. fxe5 Bxe5 19. Bb2 Qa5 20. Qc2 Qb4 21. Na4 Bd4+ 22. Bxd4 cxd4 23. Rab1 Qa5 24. Red1 Rac8 25. Rxd4 b5 26. Nc3 bxc4 27. Rd5 Rc5 28. Rd7 Re5 29. h3 Qc5+ 30. Qf2 Re3 31. Nd5 Qc6 32. Rbb7 Rfe8 33. Rxg7+ 1-0

[Event "Issykkul op"]
[Site "Korumdu"]
[Date "2023.07.17"]
[Round "7"]
[White "Markov, Mikhail2222"]
[Black "Manon, Reja Neer"]
[Result "0-1"]
[WhiteElo "2324"]
[BlackElo "2111"]
[PlyCount "58"]
[EventDate "2023.07.12"]
[EventType "swiss"]
[EventRounds "10"]
[EventCountry "KGZ"]
[SourceTitle "CBM 215 Extra"]
[Source "ChessBase"]
[SourceDate "2023.09.30"]
[SourceVersion "1"]
[SourceVersionDate "2023.09.30"]
[SourceQuality "1"]

1. c4 c6 2. d4 d5 3. Qc2 Nf6 4. Nf3 e6 5. e3 Nbd7 6. Bd3 Bd6 7. Nbd2 0-0 8. 0-0 c5 9. dxc5 Nxc5 10. Be2 b6 11. Rd1 Bb7 12. b4 Nce4 13. Nxe4 dxe4 14. Nd4 Qb8 15. c5 Rc8 16. c6 e5 17. cxb7 Qxb7 18. Qa4 exd4 19. Ba6 Qc7 20. Bxc8 Bxh2+ 21. Kh1 Rxc8 22. exd4 Ng4 23. Be3 Qe7 24. Rdc1 Rd8 25. g3 Bxg3 26. fxg3 Nxe3 27. Qb3 Qg5 28. Rc3 Nf5 29. Re1 Nxd4 0-1

[Event "Issykkul op"]
[Site "Korumdu"]
[Date "2023.07.16"]
[Round "6"]
[White "Manon, Reja Neer"]
[Black "Pakhomov, Egor"]
[Result "0-1"]
[WhiteElo "2111"]
[BlackElo "2408"]
[PlyCount "86"]
[EventDate "2023.07.12"]
[EventType "swiss"]
[EventRounds "10"]
[EventCountry "KGZ"]
[SourceTitle "CBM 215 Extra"]
[Source "ChessBase"]
[SourceDate "2023.09.30"]
[SourceVersion "1"]
[SourceVersionDate "2023.09.30"]
[SourceQuality "1"]

1. e4 c5 2. Nf3 d6 3. d4 cxd4 4. Nxd4 Nf6 5. Nc3 Nc6 6. Bg5 e6 7. Qd2 a6 8. 0-0-0 h6 9. Bf4 Bd7 10. Nb3 Ne5 11. Bg3 g5 12. h4 Rg8 13. hxg5 hxg5 14. f3 Qc7 15. Bf2 b5 16. Be3 Be7 17. Kb1 b4 18. Ne2 Nc4 19. Qc1 Rc8 20. Bxg5 Nxb2 21. Qxb2 Rxg5 22. Rh8+ Rg8 23. Rh6 e5 24. Rc1 Qb6 25. c3 Qf2 26. Rh1 d5 27. cxb4 dxe4 28. Nc3 Qxb2+ 29. Kxb2 exf3 30. gxf3 Bxb4 31. Rh2 Ke7 32. Re2 Rg3 33. Rxe5+ Kf8 34. Be2 Rb8 35. Ne4 Nxe4 36. Rxe4 a5 37. a3 Be7 38. Ka2 Rg2 39. Nxa5 f5 40. Rxe7 Kxe7 41. Re1 Kf6 42. Ka1 Re8 43. Rd1 Rexe2 0-1

[Event "Issykkul op"]
[Site "Korumdu"]
[Date "2023.07.13"]
[Round "3"]
[White "Khakimov, Timur"]
[Black "Manon, Reja Neer"]
[Result "0-1"]
[WhiteElo "2205"]
[BlackElo "2111"]
[PlyCount "62"]
[EventDate "2023.07.12"]
[EventType "swiss"]
[EventRounds "10"]
[EventCountry "KGZ"]
[SourceTitle "CBM 215 Extra"]
[Source "ChessBase"]
[SourceDate "2023.09.30"]
[SourceVersion "1"]
[SourceVersionDate "2023.09.30"]
[SourceQuality "1"]

1. d4 Nf6 2. Nc3 d5 3. Bf4 c5 4. e3 cxd4 5. exd4 Bg4 6. f3 Bd7 7. Nb5 Na6 8. c3 Qb6 9. Qe2 e6 10. a4 Nh5 11. Be5 f6 12. a5 Qc6 13. g4 fxe5 14. gxh5 exd4 15. Nxd4 Qd6 16. Nb5 Qf4 17. Bh3 Bc5 18. Bg4 0-0 19. Nh3 Qh6 20. Kf1 Rf6 21. Rd1 Raf8 22. Kg2 g6 23. b4 gxh5 24. bxc5 hxg4 25. fxg4 Bxb5 26. Qxb5 Rf3 27. Ng1 Rf2+ 28. Kg3 Qe3+ 29. Kh4 R2f6 30. g5 Rh6+ 31. gxh6 Rf4+ 0-1

[Event "Bhubaneswar op-A 14th"]
[Site "Bhubaneswar"]
[Date "2023.06.12"]
[Round "2"]
[White "Manon, Reja Neer"]
[Black "Smaraki, Mohanty"]
[Result "1-0"]
[WhiteElo "2238"]
[BlackElo "1699"]
[PlyCount "47"]
[EventDate "2023.06.11"]
[EventType "swiss"]
[EventRounds "10"]
[EventCountry "IND"]
[SourceTitle "EXT 2024"]
[Source "ChessBase"]
[SourceDate "2023.10.10"]
[SourceVersion "1"]
[SourceVersionDate "2023.10.10"]
[SourceQuality "1"]

1. e4 d5 2. exd5 Nf6 3. d4 Nxd5 4. c4 Nf6 5. Nf3 Bg4 6. Be2 e6 7. Nc3 c6 8. Qb3 Qb6 9. Bf4 Nbd7 10. 0-0 Qxb3 11. axb3 Be7 12. h3 Bf5 13. Nh4 Bc2 14. Rfc1 Bxb3 15. Nf3 c5 16. Nb5 0-0 17. Rc3 cxd4 18. Rxb3 Nc5 19. Rba3 d3 20. Bxd3 Rad8 21. Bc2 a6 22. Nbd4 Nh5 23. Be3 f5 24. b4 1-0

[Event "Asia zt 3.2"]
[Site "Dhaka"]
[Date "2023.05.04"]
[Round "3"]
[White "Ghosh, Chanchal Kumer"]
[Black "Manon, Reja Neer"]
[Result "1-0"]
[WhiteElo "2020"]
[BlackElo "2298"]
[PlyCount "43"]
[EventDate "2023.05.02"]
[EventType "swiss"]
[EventRounds "9"]
[EventCountry "BAN"]
[SourceTitle "CBM 214 Extra"]
[Source "ChessBase"]
[SourceDate "2023.07.31"]
[SourceVersion "1"]
[SourceVersionDate "2023.07.31"]
[SourceQuality "1"]

1. e4 c6 2. d4 d5 3. Nc3 dxe4 4. Nxe4 Nf6 5. Nxf6+ exf6 6. Bf4 Qb6 7. Qe2+ Be6 8. c3 Be7 9. Nf3 0-0 10. Qc2 Na6 11. Bd3 h6 12. 0-0 Rfe8 13. Rfe1 Rad8 14. Bxh6 gxh6 15. Bxa6 Qxa6 16. Rxe6 fxe6 17. Qg6+ Kh8 18. Qxh6+ Kg8 19. Qg6+ Kh8 20. Re1 Bf8 21. Re4 Bg7 22. Qf7 1-0